[Event "West Wales Open"]
[Site "Swansea"]
[Date "2019.10.13"]
[Round "5.3"]
[White "Thompson, Ian D"]
[Black "Musson, Adam J"]
[Result "1-0"]
[WhiteElo "2120"]
[BlackElo "2017"]
[Annotator "kemen"]
[PlyCount "81"]
[EventDate "2019.10.12"]
[EventType "swiss"]
[EventRounds "5"]
[EventCountry "WLS"]

1. c4 e5 2. g3 Nf6 3. Bg2 Nc6 4. Nf3 Bc5 5. O-O d6 6. Nc3 O-O 7. d3 a5 (7... h6
) (7... a6) 8. b3 (8. a3) (8. Bg5) 8... Bg4 9. h3 (9. Na4 Ba7 10. Bb2 Qd7 11.
Nc3 Bh3 {Vermeulen-Laureles, AfroAsian ch prelim ICCF 2008,0-1}) 9... Bf5 10.
Kh2 Qd7 11. Nh4 Be6 12. f4 exf4 13. gxf4 (13. Bxf4 $14) 13... Bd4 (13... d5 $15
{komodo13}) 14. Bd2 (14. Bb2 a4 $15) 14... d5 15. e4 dxc4 16. dxc4 Rad8 17. Qe1
(17. Qe2 $11) 17... Nh5 18. Rd1 (18. Rb1 g5 19. Nf3 (19. fxg5 Be5+ $19) 19...
Nxf4 20. Bxf4 gxf4 21. Nd5 Bg7 22. Nxf4 Ne5 $11 {Komodo13}) 18... Bxc3 19. Bxc3
Qxd1 20. Qxd1 Rxd1 21. Rxd1 Nxf4 $15 22. Bf1 f6 23. Nf3 (23. Nf5 a4 $15) 23...
Kf7 (23... g5 24. e5 g4 $17 {Komodo13}) 24. e5 $11 f5 25. Kg3 Ng6 (25... Nh5+
26. Kh4 Kg6 27. Ng5 Nf4 28. Nxe6 Nxe6 $15 {Komodo13}) 26. Ng5+ Ke7 27. Nxh7 $11
f4+ (27... Rh8) 28. Kf2 Rh8 29. Ng5 Rh5 (29... b6 $11) 30. Nxe6 Kxe6 31. Be2
Rg5 32. Bg4+ Rxg4 33. hxg4 Ngxe5 34. g5 $16 Kf5 35. Rd5 $18 b6 36. g6 (36. Bxe5
Nxe5 37. c5 Ke4 38. cxb6 cxb6 39. Rd6 $18 {Komodo13}) 36... Ke4 37. Kf1 Ng4 38.
Rd7 f3 39. Rxg7 Ne3+ 40. Kg1 Nd1 41. Be1 (41. Rxc7 {Komodo13}) 1-0

[Event "West Wales Open"]
[Site "Swansea"]
[Date "2019.10.13"]
[Round "5.4"]
[White "Jukes, Sam"]
[Black "Makkar, Rajat"]
[Result "0-1"]
[WhiteElo "1897"]
[BlackElo "2135"]
[Annotator "kemen"]
[PlyCount "104"]
[EventDate "2019.10.12"]
[EventType "swiss"]
[EventRounds "5"]
[EventCountry "WLS"]

{[%evp 0,17,28,45,17,15,4,4,11,42,3,4,29,-37,-8,-8,-8,-15,-8,-14]} 1. e4 e5 2.
Nf3 Nc6 3. Bc4 Bc5 4. c3 Nf6 5. d3 h6 6. Bb3 d6 7. O-O O-O 8. Nbd2 a5 (8... a6)
(8... Bg4) (8... Be6) 9. Nc4 (9. h3) (9. Re1) (9. a4) 9... Be6 10. Ne3 (10. a4
{4 Wh wins, 3 draws, 1 Bl win}) 10... Bxb3 11. axb3 Bxe3 12. Bxe3 d5 $15 13.
Qc2 Re8 14. Rfe1 Qd6 (14... Qd7) 15. Nh4 d4 (15... Qd7) (15... Ne7) 16. cxd4
Nxd4 17. Bxd4 Qxd4 18. Nf5 Qb6 19. Rec1 c6 20. Qc3 $11 Re6 (20... Red8) 21. b4
(21. Ne3) 21... a4 22. b3 Ng4 (22... a3 $15 {Komodo13}) 23. Qc5 $16 Qb5 24.
Ne7+ (24. bxa4 Rxa4 25. Rxa4 Qxa4 26. d4 $16 {Komodo13}) 24... Kh7 $11 25. Qxb5
cxb5 26. Nd5 Rea6 $6 (26... Rc6 $11) 27. bxa4 (27. Nc7 $18 axb3 28. Rab1 b2 29.
Rd1 {Stockfish091019 & Komodo13}) 27... Rxa4 28. Rxa4 bxa4 29. f3 Nf6 30. Nxf6+
(30. Nb6 Ra6 31. Nc4 Nd7 32. b5 Ra8 33. Na3 $11 {Komodo13}) 30... gxf6 $15 31.
b5 (31. Kf2) 31... Kg7 $17 (31... a3 $17) 32. Kf2 Rd8 (32... a3) (32... Kf8)
33. Ke3 Rd4 {the R on a side is not as active as behind a passed pawn} 34. Rb1
$11 (34. Rc8 Rb4 35. Ra8 Rxb5 36. Rxa4 Rb2 37. g4 b5 38. Ra5 $11 {Komodo13})
34... Kf8 35. Kd2 (35. Rc1 $11) 35... Ke7 $15 36. Kc3 Kd6 $17 37. g3 (37. f4)
37... Kc5 $19 38. f4 exf4 (38... a3 39. b6 a2 40. Ra1 Ra4 41. Kb3 Ra5 $19 {
Komodo13} 42. Rxa2 Rxa2 43. Kxa2 Kd4 $1 (43... Kxb6 {also wins})) 39. Rf1 Rd6 (
39... f5 40. Rxf4 fxe4 41. dxe4 Rc4+ 42. Kb2 Kb4 43. b6 a3+ 44. Ka1 Kb3 45.
Rf3+ Rc3 46. Rf1 Rc2 47. Rf3+ Kb4 48. Rxf7 Rxh2 49. Rf6 $15 {Komodo13}) 40.
Rxf4 $11 Kxb5 41. Rf5+ Ka6 42. d4 (42. Kb4 $1 Rd4+ (42... b5 43. Rxb5 Rd4+ 44.
Kc5 $1 (44. Kc3 Kxb5 45. Kxd4 Kb4 $19) 44... Rxd3 45. Rb6+ Ka5 46. Rb5+ Ka6 47.
Rb6+ $11 Ka7 48. Rxf6 a3 49. Rxf7+ Kb8 50. Rf2 Rb3 51. Ra2 Kc7 $11) 43. Kc3 Rd6
44. Kb4 $11 {Komodo13}) 42... b5 $17 43. e5 Rc6+ 44. Kb2 fxe5 45. dxe5 Re6 (
45... b4 46. Rxf7 Rc3 $19 (46... Rc5 $19 {level material, but Bl pawns travel
faster})) 46. g4 Ka5 $19 47. h4 Kb4 48. g5 hxg5 49. hxg5 Re7 (49... a3+ {
is quicker} 50. Ka2 Ka4 51. Rxf7 Rxe5 52. g6 Re2+ 53. Kb1 b4 54. g7 Rb2+ 55.
Kc1 Rg2 56. Kb1 Rg3 $19 {Komodo13}) 50. Rf4+ Kc5 51. Re4 Kd5 52. Rb4 Rb7 0-1

[Event "West Wales Open"]
[Site "Swansea"]
[Date "2019.10.13"]
[Round "5.5"]
[White "Graham, David B"]
[Black "Cheung, Ryan"]
[Result "1-0"]
[WhiteElo "2162"]
[BlackElo "1642"]
[Annotator "kemen"]
[PlyCount "67"]
[EventDate "2019.10.12"]
[EventType "swiss"]
[EventRounds "5"]
[EventCountry "WLS"]

{[%evp 0,21,16,21,29,22,24,24,29,-35,-35,-35,-35,-35,-35,-24,-18,-15,15,16,51,
51,51,-97]} 1. e4 e5 2. Nf3 Nc6 3. Bc4 Bc5 4. b4 {an Evans Gambit} Bxb4 5. c3
Ba5 6. d4 exd4 7. O-O Nf6 (7... Nge7 {main}) (7... dxc3 {the Compromised
Defence, second most frequent, but not to be recommended}) 8. e5 (8. Ba3 d6 9.
e5 $1 {is stronger ; Harding & Botterill 1977:45}) 8... d5 {Bl has done rather
well in practice with this move, since the time of Morphy} 9. exf6 (9. Bb5 Ne4
10. cxd4 O-O {Morphy-Anderssen, match 1858,0-1}) 9... dxc4 10. fxg7 {main} (10.
cxd4 gxf6 11. d5 Ne5 12. Nxe5 fxe5 13. Bb2 (13. Qa4+ $11 {Cloud Engines}) 13...
Bd7 (13... O-O $17) 14. f4 Rg8 $19 {and was for a great deal of the game;
Kett-Rodriguez, WLS ch 2016,1-0}) 10... Rg8 {in the 72 games with this
position in the database, Wh never quite reaches 50% in any of the indidual
variations} 11. Nxd4 {1 Wh win, 2 draws, 2 Bl wins} (11. Re1+ Be6 {main, 48%
for Wh} 12. Ng5 (12. Bg5)) 11... Nxd4 12. cxd4 {S} (12. Qh5 Rxg7 (12... Qf6 $17
{Cloud Engines}) 13. cxd4 Qxd4 14. Qxa5 Rxg2+ $11 {2 draws}) 12... Be6 $146 {
Stockfish10; Bl is winning} (12... Qd5 $19 {Cloud Engines, though 1-2 results})
13. Bd2 Bxd2 14. Qxd2 Rxg7 (14... Qf6 {Stockfish10 even stronger}) 15. Nc3 Qg5
(15... Qf6 $1 16. Qe3 O-O-O $19 {the kind of position that could arise from a
Max Lange or even some lines of the Petroff}) 16. Qxg5 (16. f4 Qh6 17. Rae1
O-O-O $17 {the Q helps Wh protect his position}) 16... Rxg5 17. f4 Ra5 18. h3
h5 (18... O-O-O $19 {simplest}) 19. d5 {Wh may as well try to mix things up}
Bxd5 (19... Bf5 20. Rfe1+ Kd7 21. Re5 Bd3 22. Rae1 Rf8 23. Rxh5 b5 $19 {
Stockfish10 should also be comfotable for Bl}) 20. Rae1+ Kd7 21. Re5 c6 22.
Rxh5 Re8 (22... b5 23. Nxd5 cxd5 24. Rxd5+ Kc6 25. Rd2 c3 26. Rc1 b4 $19 {
Stockfish10}) (22... Rg8 23. g4 Re8 24. Kf2 Ra3 25. Nxd5 Rxa2+ 26. Kf3 cxd5 27.
Rxd5+ Kc6 28. Rf5 Ra3+ 29. Kf2 Rd8 $19 (29... Re7 $19 {Stockfish10})) (22...
Kc7 23. a4 a6 $19 {Stockfish10}) 23. Rf5 (23. Rd1 Re3 {clearest, Stockfish10
goes for} (23... a6 24. h4 Kd6 $19) 24. Nxd5 Rxd5 25. Rhxd5+ cxd5 26. Rxd5+ Kc6
27. Kf2 Ra3 28. Rd2 Kc5 $19 {the c pawn is a monster}) 23... Re3 (23... b5) 24.
Nxd5 cxd5 25. Rxf7+ Ke6 (25... Re7 $19 {safer}) 26. Rh7 {going for
complications} (26. Rxb7 d4 27. Rb4 Rc5 $19) 26... d4 27. Rh6+ Kf7 (27... Kd7 {
runs for shelter rather than trying to block the pawn} 28. f5 c3 29. f6 Re8 30.
Rc1 Rf8 (30... Rc8 31. f7 Ke7) 31. Rh4 Rd5 32. Rh7+ Kc6 33. Rh6 Kb5 34. Rh7
Rxf6 35. Rxb7+ Kc4 $19 {level material, but the advanced pawns have it.}) 28.
f5 Rxa2 (28... d3 29. f6 Re8 30. Rh7+ Ke6 31. Rc7 $11 {Stockfish10}) 29. Rf4 d3
30. f6 (30. Rxc4 d2 31. Rd4 Re1+ $19 {gets Wh nowhere}) 30... d2 31. Rh7+ Kg6 (
31... Kg8 32. f7+ {is not dangerous, but requires time to work out the details.
However both players short of time.} Kxh7 33. f8=Q d1=Q+ 34. Rf1 {Bl has won a
R , so it can be given back without a second thought} (34. Kh2 Rxh3+ (34...
Rxg2+ {also works}) 35. Kxh3 Qh1+ 36. Kg4 Rxg2+ (36... Qxg2+ {also}) 37. Kf5
Qb1+ 38. Ke6 Qb6+ 39. Kf7 Qc7+ 40. Ke6 Qc6+ 41. Ke5 Re2+ 42. Kd4 Qd7+ 43. Kxc4
Rc2+ 44. Kb4 Qd2+ 45. Ka4 b5+ 46. Kxb5 Qd5+ 47. Ka4 Qc6+ 48. Ka3 Qc3+ 49. Ka4
Ra2+ 50. Kb5 Ra5#) 34... Rxg2+ 35. Kxg2 Qc2+ 36. Rf2 (36. Qf2 Re2) 36... Qg6+
37. Kf1 Qd3+ 38. Kg1 Rg3+ 39. Rg2 Qe3+ 40. Kf1 Rf3+ $19 {all of which is far
easier to work out when you have an Engine to hand to do all the work.}) 32.
Rg7+ (32. Rd7 {fails to hold} Rd3 $19 (32... Re1+ $19 33. Kh2 (33. Rf1 c3 34.
f7 Rxf1+ 35. Kxf1 c2 36. f8=Q c1=Q+ 37. Kf2 d1=Q+)) 33. Rxd3 cxd3 34. Rf1 Kf7
35. Rd1 b5 $19 {Stockfish10} (35... Rc2 36. Kf2 $11)) 32... Kh5 (32... Kh6 33.
Rh4#) 33. Rf5+ Kh4 $2 {Bl goes wrong at the very last} (33... Kh6 $1 34. Rd7 (
34. Rf1 Re1 35. Rd7 c3 36. f7 Rxf1+ 37. Kxf1 Ra1+ (37... Kg7 {plays safe}) 38.
Ke2 Re1+ 39. Kf3 Kg7) 34... Re1+ (34... Ra1+ 35. Kh2 (35. Rf1 Rxf1+ 36. Kxf1
Rd3 $19)) (34... Rd3 {doesn't work} 35. Rxd3 cxd3 36. Rf1 Rc2 37. f7 Rc8 38.
Kf2 $11) 35. Kh2 d1=Q 36. Rxd1 Rxd1 37. f7 Rd8 38. f8=Q+ Rxf8 39. Rxf8 b5 $19 (
39... c3 $19 {Stockfish10})) 34. Rg4# {Ryan finished the tournament with a
2020 performance & an added 38.6 rating points. The win here would have taken
that gain to 58 points & a shared 4th place.} 1-0

[Event "West Wales Open"]
[Site "Swansea"]
[Date "2019.10.13"]
[Round "5.6"]
[White "Jones, Ian Robert"]
[Black "Hilton, Tim"]
[Result "0-1"]
[WhiteElo "1975"]
[BlackElo "1868"]
[Annotator "kemen"]
[PlyCount "46"]
[EventDate "2019.10.12"]
[EventType "swiss"]
[EventRounds "5"]
[EventCountry "WLS"]

{[%evp 0,21,28,35,46,47,111,83,99,77,76,86,66,58,50,29,29,36,68,9,0,2,2,-136]} 
1. e4 c5 2. Nf3 g6 3. d4 cxd4 4. Nxd4 Nc6 5. Nc3 Bg7 6. Be3 Nf6 7. Bc4 O-O 8.
Bb3 (8. O-O Nxe4 9. Nxe4 d5 10. Nxc6 bxc6 11. Bd3 {Edwards-Hilton, 4NCL 2019,
draw agreed}) 8... a5 {very much under-rated- Levy 1975:108} (8... d6 9. f3 {
mainline Dragon}) 9. a4 {Levy 1975 dislikes this move precisely because it
allows Bl's reply, though it hasn't stopped GMs from playing it.} (9. O-O) (9.
f3) 9... Ng4 10. Qxg4 Nxd4 11. O-O-O $2 {Far too risky with the Wh Q side
already opened- The Cloud Engines already assert that Bl is winning} (11. Qh4 {
Komodo13}) (11. Qd1 {Levy}) (11. Bxd4 {Fritz16 & Stockfish10}) (11. O-O) 11...
Nxb3+ (11... d6 {Stockfish10 & Komodo13} 12. Qg3 Nxb3+ 13. cxb3 Be6 14. Nd5
Bxd5 (14... b5 $19 {Stockfish10}) 15. Rxd5 Rc8+ 16. Kb1 Rc6 17. h4 Qc7 18. h5
Rc2 19. Bd4 $11 {Matalainen-Keskisarja, Kuopio op 1995,0-1}) (11... d5 12. Qg5
Nxb3+ 13. cxb3 d4 14. Nb5 h6 15. Qg3 e5 $19 {Komodo12}) 12. cxb3 Qc7 (12... d5
$19 {Cloud Engines} 13. Qh4 Qc7) 13. Qg3 (13. Kb1 Bxc3 14. Rc1 $17 {Cloud
Engines} d5 15. Qd1 Qe5 16. bxc3 Qxe4+ 17. Kb2 Qxg2 $17 {Stockfish10}) 13...
Be5 $1 $19 14. f4 Bxc3 15. bxc3 Qxc3+ 16. Kb1 Qxb3+ 17. Kc1 Ra6 (17... Qc3+ 18.
Kb1 d6 19. f5 (19. Bc1 Qb4+ 20. Ka1 Be6 21. Qa3 Qxe4 $19) 19... Qb4+ 20. Ka1
Qxa4+ 21. Kb2 Qb4+ 22. Ka1 Qxe4 $19 {Stockfish10}) 18. Bd4 (18. Kd2 Rc6 19. Ke2
Rc2+ 20. Rd2 Qxa4 $19 {Stockfish10}) 18... Rc6+ 19. Kd2 Qxa4 {demolishing the
Q side} (19... Rc2+ 20. Ke1 Qb4+ 21. Kf1 Qc4+ 22. Qd3 (22. Kg1 Rc1 23. Rxc1
Qxc1+ 24. Kf2 Qxh1) 22... Qxd3+ 23. Rxd3 Rc1+ 24. Kf2 Rxh1 $19 {Stockfish10})
20. Ke1 b6 (20... Rc2) 21. Qd3 d6 (21... Rc2) 22. h4 Bg4 (22... Rc2) (22... e5)
23. Rb1 Rc4 (23... Rc2 {even stronger-Stockfish10}) 0-1

[Event "West Wales Open"]
[Site "Swansea"]
[Date "2019.10.13"]
[Round "5.7"]
[White "Van Veelen, Thomas"]
[Black "Phillips, William"]
[Result "1-0"]
[WhiteElo "1992"]
[BlackElo "1893"]
[Annotator "kemen"]
[PlyCount "93"]
[EventDate "2019.10.12"]
[EventType "swiss"]
[EventRounds "5"]
[EventCountry "WLS"]

1. d4 Nf6 2. c4 e6 3. g3 d5 4. Bg2 c6 5. Nf3 Bd6 6. Nc3 Nbd7 7. Qc2 (7. O-O) (
7. Nd2) 7... dxc4 (7... O-O 8. O-O dxc4 (8... Re8)) 8. O-O e5 (8... O-O {
transposes to 173 games}) 9. Rd1 (9. dxe5 Nxe5 10. Rd1 Nxf3+ 11. Bxf3 Qc7 12.
Ne4 Nxe4 13. Qxe4+ Kf8 14. Qd4 Be7 15. Qxc4 Be6 16. Qc2 Bd6 17. Be3 Kg8 18. Rd2
{Tomazin-Kovac,SLO ch tm U18, Novo Mesto 2000,1/2-1/2}) 9... exd4 (9... Qc7 {
Komodo13} 10. Bg5 h6 11. dxe5 Nxe5 12. Bxf6 gxf6 13. Ne4 Be7 14. Nxe5 fxe5 15.
Qxc4 Be6 16. Qc3 O-O 17. Nc5 Bxc5 18. Qxc5 f6 19. Qe3 Kg7 {Kassis-Muller, FRA
ch op, Saint Quentin 2015,1/2-1/2}) 10. Nxd4 $16 (10. Rxd4 $16) 10... Bc5 11.
Nf5 O-O 12. Na4 Qa5 13. Nxc5 Nxc5 (13... Qxc5 14. Be3 $16) 14. Ne7+ Kh8 15.
Nxc8 Raxc8 16. Qxc4 Ne6 17. Bd2 $16 Qf5 18. e4 Qc5 (18... Qh5 19. f3 c5 20. Bc3
Rfd8 21. Rac1 $16 {Komodo13}) 19. Qxc5 Nxc5 20. Bb4 $18 b6 21. e5 (21. Bxc5
bxc5 22. e5) 21... Ng4 22. Bh3 (22. Bxc5 bxc5 23. Bh3 $4) (22. Re1 Nd3 23. Bxf8
Nxe1 24. Rxe1 Rxf8 25. Bxc6 $18) 22... h5 23. Rac1 Rcd8 24. Rxd8 Rxd8 25. Bxc5
bxc5 26. Bxg4 (26. Rxc5 {the B is a little better than the N with pawns on
both sides of the board} Rd2 27. e6 $1 g6 28. Rxc6 fxe6 29. Bxg4 hxg4 30. Rxe6
Kh7 31. Re7+ Kh6 32. Rxa7 Rxb2 33. Kg2 $18 {Komodo13}) 26... hxg4 27. Rxc5 Rd2
28. Rxc6 Rxb2 29. Ra6 Rb7 30. e6 (30. Kg2 Re7 31. Ra5 Kh7 32. h3 $16 {Komodo13}
) 30... f5 31. Kf1 (31. f3 gxf3 32. h4 Kh7 33. Kf2 Kg6 34. Kxf3 $16 {Komodo13})
31... Kh7 32. Ke2 Kg6 33. Ke3 Kf6 34. Kd4 (34. e7+ {Komodo13} Kxe7 35. Kf4 Rb2
36. Kxf5 Rxf2+ 37. Kxg4 Rxh2 38. Kg5 (38. Rxa7+ Kf6 {is only a draw-Lomonosov
tablebases}) 38... Rc2 39. Rxa7+ Kf8 {as is this position also a draw as the a
pawn is too far back & the R is in Front}) 34... Ke7 (34... Rb2 {Komodo13- R's
need to be active, looks holding} 35. Ke3 (35. e7+ Kxe7 36. Rxa7+ Kf6 $11)
35... Rb6 36. Rxa7 Rxe6+ 37. Kd3 Rb6 $11 {Komodo13}) 35. Kd5 (35. a4 $1 $18 {
Komodo13- there are often little twists & turns, especially with R endings ,
where Rs move in all sorts of directions} Kf6 (35... Rb2 36. Ke5 Re2+ 37. Kxf5
Rxf2+ 38. Kxg4 Rxh2 39. Rxa7+ Kxe6 40. Rxg7 {2 pawns is enough to win this})
36. e7+ Kxe7 37. Ke5 Rb2 38. Rxa7+ Kf8 39. a5 Rb5+ (39... Rxf2 40. a6 Ra2 41.
Kxf5 Ke8 42. Kxg4 $18) 40. Kd6 Kg8 41. Kc7 $18 {helps the pawn through}) 35...
g5 (35... Rb5+ $1 {saves the game even if Wh finds the best way forward} 36.
Kd4 (36. Kc4 Rb2 $11) 36... Kf6 37. Rxa7 Kxe6 38. a4 Rb2 39. Ke3 g5 40. a5 f4+
41. gxf4 gxf4+ 42. Kxf4 Rxf2+ 43. Kg3 Ra2 {Komodo13 thinks this is winning,
but Lomonosov tablebases demonstrate another drawn position.}) 36. a4 $18 Rc7 (
36... Kf6 37. e7+ Kxe7 38. Ke5 {wipes out the K side}) 37. Rd6 Rc2 {too late}
38. Rd7+ Ke8 39. Ke5 (39. Rxa7) (39. Rh7) 39... Rxf2 40. Rxa7 f4 41. gxf4 Rxf4
42. a5 Rf2 43. Rh7 (43. a6 Rxh2 (43... Re2+ 44. Kf6 Rf2+ 45. Kxg5 Rxh2 46. Rb7
(46. Rg7 Ra2 47. a7 Kf8 48. Kf6 Rf2+ 49. Kg6 Ra2 50. Rf7+ Ke8 51. Kf6 Rf2+ 52.
Ke5 Re2+ 53. Kf5 Rf2+ 54. Kxg4 $18)) 44. Rb7) 43... Ra2 44. a6 (44. Kf6 Rf2+
45. Kxg5 g3 46. hxg3 Ra2 47. Ra7) 44... g3 (44... Rxa6 45. Kf6 Kd8 46. Rh8+ Kc7
47. Kf7 $18) 45. hxg3 g4 46. a7 Re2+ 47. Kf5 1-0

[Event "West Wales Open"]
[Site "Swansea"]
[Date "2019.10.13"]
[Round "5.8"]
[White "Turner, Joseph David"]
[Black "McCarthy, Maurice"]
[Result "1/2-1/2"]
[WhiteElo "1842"]
[BlackElo "1980"]
[Annotator "kemen"]
[PlyCount "60"]
[EventDate "2019.10.12"]
[EventType "swiss"]
[EventRounds "5"]
[EventCountry "WLS"]

{[%evp 0,15,18,16,51,48,103,52,52,54,47,44,89,89,89,92,78,42]} 1. e4 c5 2. Nf3
d6 3. d4 cxd4 4. Qxd4 Nc6 5. Bb5 Qa5+ 6. Nc3 Bd7 (6... Qxb5 {main}) 7. Bxc6
Bxc6 (7... bxc6) 8. b4 (8. O-O) (8. Bd2) 8... e5 $146 (8... Qh5) (8... Qc7) 9.
bxa5 exd4 10. Nxd4 $16 Nf6 11. Nxc6 (11. Rb1 $18 {Komodo13}) (11. O-O $18 {
Komodo13}) 11... bxc6 12. Rb1 Be7 13. Ba3 (13. Rb7 Bd8 14. a6 $16 {Komodo13})
13... c5 (13... O-O-O 14. f4 Rd7 15. Kf2 $16 {Komodo13}) 14. Nb5 (14. f3 $18 {
Komodo13}) 14... O-O (14... Kd7 $14) 15. f3 Rfc8 16. O-O a6 17. Nc3 Bd8 18. Na4
Bxa5 19. Nb6 (19. Rfd1 Rc6 20. Bb2 Nd7 21. Bc3 Bxc3 22. Nxc3 Nb6 23. Kf2 $16 {
Komodo13}) 19... Bxb6 20. Rxb6 d5 21. Rb7 (21. e5 Nd7 22. Rd6 Nxe5 23. Rxd5 f6
24. Rb1 $14 {Komodo13}) 21... dxe4 22. fxe4 Rab8 $11 23. Re7 Re8 24. Ra7 Rxe4
$15 25. Rxa6 Re2 (25... Rc4 $17 {Komodo13}) 26. Bxc5 Rxc2 27. Bd4 h5 (27... Ne4
) 28. Bxf6 gxf6 29. Raxf6 Rbb2 30. R6f2 Rxa2 1/2-1/2